Statistiques concernant Top 3 à Miss Univers de 2000 à 2023

Cliquez ici pour prendre le quiz!

Statistiques générales

  • Ce quiz a été pris 29 fois
  • Le résultat moyen est 12 sur 24

Statistiques - réponses

AnnéesTop 3 (gagnantes, 1ère et 2ème dauphine)% Correct
2016France - Haïti - Colombie
88%
2023Nicaragua - Thaïlande - Australie
85%
2015Philippines - Colombie - États-Unis
85%
2021Inde - Paraguay - Afrique du Sud
69%
2020Mexique - Brésil - Pérou
69%
2018Philippines - Afrique du Sud - Venezuela
69%
2017Afrique du Sud - Colombie - Jamaïque
65%
2022États-Unis - Venezuela - République Dominicaine
65%
2019Afrique du Sud - Porto Rico - Mexique
58%
2011Angola - Ukraine - Brésil
42%
2014Colombie - États-Unis - Ukraine
42%
2012États-Unis - Philippines - Venezuela
42%
2008Venezuela - Colombie - République Dominicaine
42%
2010Mexique - Jamaïque - Australie
38%
2013Venezuela - Espagne - Équateur
38%
2009Venezuela - République Dominicaine - Kosovo
38%
2000Inde - Venezuela - Espagne
35%
2004Australie - États-Unis - Porto Rico
31%
2007Japon - Brésil - Venezuela
31%
2006Porto Rico - Japon - Suisse
31%
2003République Dominicaine - Venezuela - Afrique du Sud
31%
2002Russie - Panama - Chine
31%
2005Canada - Porto Rico - République Dominicaine
27%
2001Porto Rico - Grèce - États-Unis
27%

Distribution des résultats

Percentile par nombre de réponses

% des personnes avec chaque résultat

Votre développement - résultats

Vous n’avez pas pris ce quiz